| 000 | 00369nam a2200133Ia 4500 | ||
|---|---|---|---|
| 008 | 240624s9999 xx 000 0 und d | ||
| 041 | _aeng | ||
| 082 | _a004.68 LEM | ||
| 100 | _aLEMSTRA WOLTER | ||
| 245 | _aINNOVATION JOURNEY OF WI FI THE ROAD TO | ||
| 260 |
_c2011 _aCambridge _bCambridge University Press |
||
| 300 | _axvi, : 415 : p. : cm. ; 23 | ||
| 365 |
_cGBP _b28 |
||
| 999 |
_c22471 _d22471 |
||